000
00298nam a2200121Ia 4500
008
231129s1968||||xx |||||||||||||| ||spa||
082
_a
GOR- 172
100
_a
Goethe Johann Wolfgang
245
0
_a
Obras completas. Tomo II
260
_c
1968
264
_a
Madrid: Aguilar 1968
942
_2
ddc
_c
BKS
999
_c
22007
_d
22007